10 Largest Chinese Cities in Northern China - Statistics

General Stats
  • This quiz has been taken 25 times
  • The average score is 7 of 10
Answer Stats
Population City % Correct
21.5 M Beijing
100%
11.7 M Tianjin
92%
5.6 M Harbin
80%
8.8 M Shenyang
76%
13.4 M Xian
76%
7.7 M Qingdao
68%
10.3 M Zhengzhou
64%
6.8 M Jinan
56%
6.5 M Shijiazhuang
48%
6.2 M Taiyuan
44%
No matching quizzes found
Score Distribution
Percent of People with Each Score
Percentile by Number Answered
Your Score History
You have not taken this quiz